000
00261nam a2200097Ia 4500
008
240331s9999 xx 000 0 und d
082
_b
BEY
100
_a
DAWN. ed
245
0
_a
Beyond the main stream :
_b
development alternatives with women for a new era
942
_c
L
999
_c
2439
_d
2439